• 首页
  • 本馆介绍
  • 公告通知
  • 最新文献
  • 馆藏检索
  • 电子资源
  • 读者导购
  • 参考咨询
  • 我的图书馆
  • 登录
  • 期刊详细显示
  • 现刊情况显示
  • 合订本情况显示
  • 篇目信息显示

期刊信息

  • 表格格式
  • 工作单格式
  • 卡片格式
索取号 
O15/JOA
题名 
Journal of Algebra
作者 
分册号 
分册名 
出版地 
出版者 
Academic Press,Inc
标准刊号 
0021-8693
出版频率 
月刊
中图法分类 
O15
主题词 
代数; 数论; 组合数学
电子资源 
000 00424nas0 2200193 45
001 0755142172
005 20131118104036.73
011    @a0021-8693
100    @a20070415d km y0chiy0120 ea
101 0  @aeng
200 1  @aJournal of Algebra
210    @cAcademic Press,Inc
326    @a月刊
606 0  @a代数
606 0  @a数论
606 0  @a组合数学
690    @aO15@v4
801  0 @aCN@bPFT@c20070415
905    @aTJWY@dO15@eJOA
    
    Journal of Algebra.-Academic Press,Inc
    
    
    
    ISSN 0021-8693
    
●
相关链接: 在易读查询期刊 在中国知网中查询期刊 在万方数据查询期刊 在维普查询期刊
唐山师范学院图书馆 欢迎您!
大连网信软件有限公司© 版权所有